<?xml version="1.0" encoding="UTF-8"?>
<collection xmlns="http://www.loc.gov/MARC21/slim">
 <record>
  <leader>01629nam a22002411a 4500</leader>
  <controlfield tag="001">1/26415</controlfield>
  <controlfield tag="008">      s2002    lu     f      00010 gre d</controlfield>
  <datafield tag="022" ind1="0" ind2=" ">
   <subfield code="a">0254-1475</subfield>
  </datafield>
  <datafield tag="022" ind1="0" ind2=" ">
   <subfield code="a">0254-1483</subfield>
  </datafield>
  <datafield tag="028" ind1="3" ind2="1">
   <subfield code="a">KT-CO-02-773-EN-C</subfield>
  </datafield>
  <datafield tag="028" ind1="3" ind2="1">
   <subfield code="a">KT-CO-02-773-GR-C</subfield>
  </datafield>
  <datafield tag="035" ind1=" " ind2=" ">
   <subfield code="l">28253</subfield>
  </datafield>
  <datafield tag="040" ind1=" " ind2=" ">
   <subfield code="a">GR-PeUP</subfield>
  </datafield>
  <datafield tag="084" ind1=" " ind2=" ">
   <subfield code="2">KET</subfield>
   <subfield code="a">COM (2002) 742 τελικό</subfield>
  </datafield>
  <datafield tag="110" ind1="2" ind2=" ">
   <subfield code="a">Επιτροπή των Ευρωπαϊκών Κοινοτήτων.</subfield>
  </datafield>
  <datafield tag="245" ind1="1" ind2="0">
   <subfield code="a">Παρακολούθηση απόφασης της Επιτροπής της 29ης Νοεμβρίου 1995 σχετικά με κρατική ενίσχυση που προτίθεται να χορηγήσει η Αυστρία στην εταιρεία Voest Alpine Erzberg GmbH:</subfield>
   <subfield code="b">Έκθεση της Επιτροπής/</subfield>
   <subfield code="c">Επιτροπή των Ευρωπαϊκών Κοινοτήτων</subfield>
  </datafield>
  <datafield tag="246" ind1="1" ind2="0">
   <subfield code="a">Monitoring of Commission decision of 29 November 1995 on aid to be granted by Austria to Voest Alpine Erzberg Gesellschaft:</subfield>
   <subfield code="b">Report from the Commission</subfield>
  </datafield>
  <datafield tag="260" ind1="0" ind2=" ">
   <subfield code="a">Βρυξέλλες, Λουξεμβούργο:</subfield>
   <subfield code="b">Υπηρεσία Επισήμων Εκδόσεων των Ευρωπαϊκών Κοινοτήτων,</subfield>
   <subfield code="c">18.12.2002</subfield>
  </datafield>
  <datafield tag="300" ind1=" " ind2=" ">
   <subfield code="a">5 σελ.</subfield>
  </datafield>
  <datafield tag="500" ind1=" " ind2=" ">
   <subfield code="a">Δίγλωσσο</subfield>
  </datafield>
  <datafield tag="852" ind1=" " ind2=" ">
   <subfield code="a">INST</subfield>
   <subfield code="b">UNIPILB</subfield>
   <subfield code="c">KET</subfield>
   <subfield code="e">20050523</subfield>
   <subfield code="h">KET  COM (2002) 742 τελικό</subfield>
   <subfield code="p">COM (2002) 742</subfield>
   <subfield code="q">COM (2002) 742</subfield>
   <subfield code="t">NOLOAN</subfield>
   <subfield code="y">23</subfield>
   <subfield code="4">1</subfield>
  </datafield>
  <datafield tag="856" ind1="7" ind2="8">
   <subfield code="u">https://eur-lex.europa.eu/legal-content/EL/TXT/PDF/?uri=CELEX:52002DC0742&amp;qid=1551874699980&amp;from=EL</subfield>
  </datafield>
  <datafield tag="856" ind1="7" ind2="8">
   <subfield code="u">https://eur-lex.europa.eu/legal-content/EN/TXT/PDF/?uri=CELEX:52002DC0742&amp;qid=1551874699980&amp;from=EL</subfield>
  </datafield>
 </record>
</collection>
